|
|
|
|
| LEADER |
00000nab a2200000 a 4500 |
| 001 |
vtls000246509 |
| 003 |
SK-MaSNL |
| 005 |
20260304061309.0 |
| 008 |
250422c1985 xo 0 slo |
| 015 |
|
|
|a SNBRB19rr/mm-uuuuu
|
| 035 |
|
|
|a CL0256623
|
| 035 |
|
|
|a urn:nbn:sk:snk-ab2ky7
|
| 035 |
|
|
|a (urnnbn)urn:nbn:sk:snk:ar-a02l1k
|
| 035 |
|
|
|a (uuid)e81327fa-4519-47a5-b6b7-dc6a9f6e7b5d
|
| 040 |
|
|
|a SNKBUCL
|b slo
|c SNKBUCL
|e AACR2
|
| 041 |
0 |
|
|a cze
|
| 044 |
|
|
|a xo
|c SK
|
| 080 |
|
|
|a 624.15:681.3-181.4
|2 1981
|
| 080 |
|
|
|a 681.3-181.4
|2 1981
|
| 080 |
|
|
|a 624.1
|2 1981
|
| 080 |
|
|
|a 624.131
|2 1981
|
| 100 |
1 |
|
|a Šimák, Petr
|4 aut
|9 544747
|
| 245 |
1 |
0 |
|a Malé počítače v mechanice zemin a zakládání staveb
|c Petr Šimák
|
| 650 |
0 |
7 |
|a zakladanie stavieb
|2 snkbucl
|9 24946
|
| 650 |
0 |
7 |
|a mechanika zemín
|2 snkbucl
|9 69750
|
| 650 |
0 |
7 |
|a minipočítače
|2 snkbucl
|9 961
|
| 655 |
|
7 |
|a články z novín a časopisov
|2 snkbucl
|9 267496
|
| 773 |
0 |
|
|t Inženýrské stavby
|g Roč. 33, č. 10 (1985), s. 588
|
| 850 |
|
|
|a Slovenská národná knižnica
|
| 852 |
|
|
|a Slovenská národná knižnica
|
| 954 |
|
|
|a odborná, vedecká literatúra cudzojazyčná (svetová)
|2 lita
|
| 957 |
|
|
|a 3100
|
| 958 |
|
|
|a article2022
|
| 958 |
|
|
|a RK
|
| 958 |
|
|
|a CZ
|
| 958 |
|
|
|a OND
|
| 958 |
|
|
|a EUIPO
|
| 992 |
|
|
|a RBX
|
| 999 |
|
|
|c 2732241
|d 2734171
|